Physical and chemical properties of rubber like elastic fibres (Record no. 45668)

MARC details
000 -LEADER
fixed length control field 00343nam a2200121Ia 4500
100 ## - MAIN ENTRY--AUTHOR NAME
Personal name Shadwick RE
245 #0 - TITLE STATEMENT
Title Physical and chemical properties of rubber like elastic fibres
260 ## - PUBLICATION, DISTRIBUTION, ETC. (IMPRINT)
Name of publisher Journal of Experimental Biology
Year of publication 1985
300 ## - PHYSICAL DESCRIPTION
Number of Pages 239-257
700 ## - ADDED ENTRY--PERSONAL NAME
Personal name Gosline John M
942 ## - ADDED ENTRY ELEMENTS (KOHA)
Koha item type Reprints
Holdings
Withdrawn status Lost status Damaged status Not for loan Home library Current library Date acquired Serial Enumeration / chronology Koha item type
      Reprints RRII Library RRII Library 22/12/2021 Volume 114, Issue Reprints